[Event "Asian Zonal-ch 3.5 Women 2019"]
[Site "Zi Bo"]
[Date "2019.09.11"]
[Round "11.9"]
[White "Zhao, Shengxin"]
[Black "Ha, Yihan"]
[Result "1-0"]
[WhiteElo "2162"]
[BlackElo "1580"]
[Annotator "TA"]
[PlyCount "161"]
[EventDate "2019.09.05"]
[EventType "swiss"]
[EventCountry "CHN"]
[SourceTitle "playchess.com"]
[Source "ChessBase"]
[SourceQuality "1"]

{[%evp 16,161,56,37,67,30,77,60,65,39,39,39,39,39,43,33,40,33,40,31,33,32,46,27,57,6,16,8,30,0,0,0,7,0,5,-37,-43,-35,-4,-32,0,-27,-14,-21,-18,0,0,0,0,-64,13,11,12,24,37,40,32,30,36,0,42,45,72,44,44,60,71,50,89,43,68,0,66,52,78,75,91,68,40,25,73,0,0,0,0,-32,-17,-33,0,0,0,0,0,0,0,0,0,0,0,0,0,0,0,0,0,0,109,47,49,49,110,86,114,68,143,137,218,214,560,560,423,0,178,210,297,231,262,216,284,222,544,537,525,528,450,487,454,314,858,839,1231,1079,1106,1074,1417,1220,2096,1445]} 1. Nf3 Nf6 2. g3 e6 3. Bg2 d5 4. d4 c5 5. c4 Nc6 6. cxd5 Nxd5 7. O-O Be7 8. dxc5 Bxc5 9. Qc2 Bb6 {E06: Closed Catalan: Early deviations} (9... Qe7 10. Nc3 Nxc3 11. Qxc3 O-O 12. Bf4 f6 13. Rac1 Bb6 14. Be3 Bxe3 15. Qxe3 e5 16. Nd2 Nd4 17. Nb3 Nxb3 18. Qxb3+ Be6 19. Qa4 Rfd8 {½-½ (47) Ponomariov,R (2699)-Lu,S (2638) Danzhou 2017}) 10. a3 h6 $146 ({Predecessor:} 10... Nf6 11. Nc3 O-O 12. Rd1 Qe7 13. Na4 Bc7 14. Be3 Rd8 15. Rxd8+ Bxd8 16. Rd1 e5 17. Ng5 {1-0 (34) Iljushin,A (2430)-Smetankin,S (2395) Yerevan 1997}) 11. e4 {[#] aiming for Rd1.} Nf6 {White is slightly better.} 12. Nc3 O-O 13. Bf4 Qe7 14. Na4 Bc7 15. Bxc7 Qxc7 16. e5 Nd5 17. Rac1 Bd7 18. Qe4 Rac8 19. Rfe1 Rfd8 20. h4 ({Better is} 20. Bf1 $14) 20... Qb8 21. Nc5 Nce7 22. Nxd7 Rxd7 23. Bf1 Ng6 24. h5 Nf8 25. g4 Rxc1 26. Rxc1 Rc7 27. Rc4 Qd8 28. Bd3 Rd7 29. Bc2 Nb6 30. Rc5 Rc7 31. Rxc7 Qxc7 32. g5 (32. Kg2 $11) 32... Qc4 (32... hxg5 $15 33. Nxg5 Nc4) 33. gxh6 $11 gxh6 34. Nd4 Nbd7 35. Qg4+ Kh8 36. Qf4 $36 {[%mdl 2048] White is more active.} Kg8 37. Qg3+ Kh8 (37... Ng6 $5) 38. Qe3 Kg7 39. Bb3 Qc5 40. f4 $1 a6 41. Kf2 Qe7 42. Qg3+ Kh8 43. Bc2 (43. Kg2 $14) 43... Qc5 (43... f6 $11) 44. Qe3 $14 Kg7 45. b4 Qe7 46. Qg3+ Kh8 47. Be4 Qd8 48. f5 (48. Qd3 $16) 48... Nf6 $11 49. exf6 {[%csl Gf6][%cal Rg3g7]} Qxd4+ {[%mdl 64] [#] Double Attack} 50. Qe3 Qxf6 51. Bxb7 Qxf5+ 52. Qf3 {Threatens to win with Qxf5.} Qc2+ 53. Kg3 Qc7+ 54. Kg2 Nh7 {Hoping for ...Ng5.} 55. Bxa6 Qc2+ 56. Be2 Ng5 57. Qd3 Qc6+ 58. Bf3 Nxf3 59. Qxf3 {[%mdl 4096] Endgame KQ-KQ} Qc2+ 60. Kh3 e5 (60... Qb2 $11 {keeps the balance.}) 61. Qf6+ (61. Qxf7 $16 Qd3+ 62. Kg2 Qd2+ 63. Qf2 Qg5+ 64. Kf3) 61... Kg8 $14 62. Qxe5 Kh7 ({Black should try} 62... Qc8+ $14 63. Kg2 Qd8) 63. Kg4 {Qf5+! would kill now.} Qd1+ 64. Kf4 Qc1+ (64... Qf1+ $14 65. Ke4 Qh1+ 66. Kd4 Qa1+ 67. Kd5 Qxa3) 65. Qe3 $16 Qf1+ (65... Qd1 $16 {was necessary.} 66. Qc5 Qd2+ 67. Ke5 Qg5+ 68. Kd6 Qd8+ 69. Kc6 Qc8+ 70. Kb5 Qd7+ 71. Ka6 Qa4+ 72. Kb6 Qxa3) 66. Ke5 $18 Qb5+ $2 (66... Qa6 67. Qc5 Kg8) 67. Kf6 Qc4 68. Ke5 $2 (68. Qe5 $18) 68... Qe6+ $2 (68... Qb5+ $1 $11 {and Black stays safe.} 69. Kf6 Qf1+ 70. Ke7 Qg2) 69. Kd4 {Threatening mate with Qxe6.} Qd6+ (69... Qb6+ $142 70. Kd3 Qb5+ 71. Kc3 Qxh5) 70. Kc4 Qc6+ 71. Qc5 Qe4+ 72. Kb3 {Qc2 is the strong threat.} Qd3+ $2 (72... Qb1+ 73. Ka4 Qe4) 73. Kb2 {Strongly threatening Qc2.} f5 74. b5 Qe2+ 75. Kb3 Qd1+ 76. Kb4 Qd2+ $2 (76... Qe1+ 77. Ka4 Qe4+ 78. Qb4 Qa8+ 79. Kb3 Qf3+ 80. Qc3 Qd5+ 81. Qc4 Qd1+ 82. Kb4 Qxh5) 77. Ka4 {White is clearly winning.} Qd1+ 78. Ka5 Qd2+ 79. Ka6 Qd3 80. a4 {[%cal Ba3a4,Ba4a5][%mdl 32]} Qd7 81. a5 {Accuracy: White = 47%, Black = 35%.} 1-0

[Event "Asian Zonal-ch 3.5 Women 2019"]
[Site "Zi Bo"]
[Date "2019.09.11"]
[Round "11.10"]
[White "Wang, Yuehan"]
[Black "Li, Xueyi"]
[Result "1/2-1/2"]
[WhiteElo "1600"]
[BlackElo "2323"]
[Annotator "TA"]
[PlyCount "191"]
[EventDate "2019.09.05"]
[EventType "swiss"]
[EventCountry "CHN"]
[SourceTitle "playchess.com"]
[Source "ChessBase"]
[SourceQuality "1"]

{[%evp 14,191,23,-18,-6,-17,-17,-52,-35,-28,-16,-59,-38,-50,-44,-133,-25,-149,-6,-106,0,-111,20,0,0,0,0,0,0,-47,-48,-52,-47,-126,-120,-191,-184,-171,-179,-158,-187,-186,-172,-134,-61,-70,-56,-173,-145,-151,-121,-128,-46,-45,-48,-330,-315,-291,-310,-629,-618,-546,-253,-255,-252,-240,-105,-103,-91,-187,-62,-81,-5,-7,0,-214,-210,-204,0,-8,29,27,72,0,0,0,0,-306,-304,-384,-392,-396,-361,-504,-521,-594,-584,-1341,-1274,-5489,-5297,-2756,-1038,-29989,-830,-788,-560,-462,-363,-447,-448,-387,-84,-75,-73,-77,-77,-161,-90,-104,-57,-56,-13,-13,0,-19,-8,-13,-12,-72,-13,-17,-27,-30,-23,-73,-8,-8,0,-13,-13,-13,-14,-30,-18,-54,-41,-475,-460,-683,-112,-137,-14,-14,-18,-29,-24,-25,-28,-103,-8,-12,-16,-52,-8,-8,-8,-8,0,-8,-8,-8,0,-8,0,0,0,0,0,0]} 1. e4 c6 2. d4 d5 3. exd5 cxd5 4. Bd3 Nc6 5. c3 Qc7 6. Ne2 Bg4 7. f3 Bd7 8. Bf4 e5 {B13: Caro-Kann: Exchange Variation and Panov-Botvinnik Attack} 9. dxe5 Nxe5 10. Bc2 Nf6 {Black is slightly better.} 11. O-O Bd6 12. Bg3 (12. Kh1 O-O 13. Nd2 Nh5 14. Nb3 Bc6 15. Nbd4 Nxf4 16. Nxf4 {½-½ (50) Stanojoski,Z (2447)-Ruck,R (2512) Skopje 2018}) 12... O-O 13. Re1 $146 ({Predecessor:} 13. Nd2 Nh5 14. Nb3 Nxg3 15. hxg3 Bb5 16. Qxd5 Bxe2 {½-½ (26) Larsen,S (1888)-Mork,R (1706) Bergen 2017}) 13... Rfe8 14. Bb3 (14. Na3 $15) 14... Rad8 (14... Nh5 $17 15. Bf2 Bf5) 15. Nd4 (15. Na3 $11) 15... Qb6 (15... Nh5 $1 $17 {[%cal Rh5g3]} 16. Bxd5 Qc5 17. Bxe5 Bxe5) 16. Kh1 (16. Na3 $11) 16... a5 (16... Nc4 $17 17. Rxe8+ Rxe8) 17. a4 (17. Na3 $11 {keeps the balance.}) 17... Ng6 (17... Nc4 $17 18. Na3 Nxb2) 18. Rxe8+ Rxe8 19. Bxd6 Qxd6 20. Na3 h5 21. Nab5 Qe5 22. Qd2 h4 23. Kg1 (23. Nc2 $15) 23... Nf4 $17 {Hoping for ...Qg5!} 24. Bc2 (24. Kf1 $17 {was called for.}) 24... Qg5 $1 $19 25. Kf1 {[#]} Re2 $1 {[%mdl 576] Decoy} 26. Nxe2 Qxg2+ 27. Ke1 Qh1+ 28. Kf2 Nh3+ (28... Qxh2+ $17 29. Ke3 d4+ {[%mdl 64] Deflection} 30. Kxd4 Nxe2+ 31. Ke3 Qe5+ {[%mdl 64] Double Attack} 32. Kf2 Nf4) 29. Ke3 $15 Qxa1 30. Nc1 (30. Qc1 $15 Qa2 31. Nbd4) 30... g6 {And now ...Bxb5 would win.} 31. Bd1 Ng5 32. Na3 Ne6 (32... h3 $17 33. Nb3 Qa2) 33. Nb3 Qa2 34. Nc1 $2 {[%mdl 8192] [#]} ({White must play} 34. Kf2 $1 $15) 34... d4+ $1 $19 {[%mdl 512]} 35. cxd4 Qd5 36. Ne2 $2 (36. Kf2) 36... Qg5+ 37. Kd3 {Qxg5 would now be nice for White.} Qg2 (37... Qf5+ $142 38. Kc3 Qxf3+ 39. Qd3 Qh1) 38. Nc3 h3 39. Nab5 Ng5 (39... Qg1 $19 {has better winning chances.} 40. Kc2 Bxb5 41. Nxb5 Nd5) 40. Ke3 $17 Qh1 41. d5 (41. Nc7 $17) 41... Ngh7 (41... Qg1+ $19 42. Kd3 Bf5+ 43. Kc4 Qg2) 42. Nd4 g5 (42... Nh5 $1 $17) 43. Kd3 $11 Qg1 44. Bb3 $2 (44. Kc2 $11) 44... g4 $19 45. fxg4 Qxg4 $2 (45... Nxg4 $19 46. Ne4 Nxh2) 46. Bd1 $132 {[%mdl 2048] White puts up resistance} Qh4 47. Qe3 Nf8 48. Bf3 ({White should try} 48. Nf3 $1 $16 {[%cal Rf3h4]} Bf5+ 49. Kd2) 48... Ng6 49. Kc2 Ng4 50. Qg1 $2 {[%mdl 8192] [#]} (50. Bxg4 $1 $11 Qxg4 51. Kb3) 50... Nxh2 $1 $19 {[%mdl 576] Deflection} 51. Qxh2 Qxd4 52. Be4 Bxa4+ 53. b3 Bd7 54. Qb8+ Kg7 {Threatens to win with ...Qf2+.} 55. Qxb7 Qf2+ 56. Kd1 Bf5 57. d6 Qd4+ (57... h2 $142 58. Bxf5 Qxf5) 58. Ke2 Bxe4 (58... Bg4+ $142 59. Bf3 Nf4+ 60. Kf1 h2 61. Ne2 h1=Q+ $1 {[%mdl 576] Deflection} 62. Bxh1 Bxe2+ 63. Ke1 Qe3 64. Qxf7+ Kxf7 65. Bd5+ Nxd5 66. d7 Bg4+ {[%mdl 64] Discovered Attack} 67. Kf1 Bh3#) 59. Nxe4 h2 60. Ng3 {aiming for Nf5+.} Qb2+ 61. Kf1 Qc1+ 62. Kg2 h1=Q+ $2 (62... Nf4+ $19 63. Kxh2 Qd2+ {[%mdl 64] Double Attack} 64. Kg1 Qe3+ {[%mdl 64] Double Attack} 65. Kf1 Qxg3) 63. Nxh1 $17 Qd2+ 64. Nf2 Qxd6 65. Ne4 (65. Qb5 $17 {keeps fighting.}) 65... Qf4 (65... Qd3 $19 66. Qc6 Nf4+ 67. Kf2 Qd4+ 68. Kf1 Nd5) 66. Qd5 Qe3 {( -> ...Nf4+)} 67. Kf1 Qc1+ 68. Kf2 Qf4+ 69. Ke2 Qh2+ 70. Ke3 Qg1+ 71. Kf3 {[#]} (71. Kd2 $11 {remains equal.}) 71... Qa1 (71... f5 $1 $17 {[%mdl 512] Strongly threatening ...Qh1+.} 72. Nf2 (72. Qxf5 Nh4+) 72... Qe1 73. Qd4+ Kf7 74. Qd7+ Kf6 75. Qd8+ Kf7 76. Qd5+ Kf6 77. Qd4+ Qe5) 72. Kf2 Ne5 73. Kg2 Qb2+ 74. Kg3 Ng6 (74... f5 $1 $17 {[%cal Rf5e4]} 75. Nd6 Qc3+ 76. Kg2 Kf6) 75. Kf3 $11 Qa1 76. Kf2 Kg8 77. Qd8+ Kh7 78. Qd5 Kg7 79. Ng5 Qf6+ 80. Kg1 $2 {[%mdl 8192] [#]} (80. Nf3 $15) 80... Nf4 $1 $19 {[%cal Rf4d5]} 81. Qxa5 (81. Qc5 $142 Qg6 82. Qxa5 Nh3+ 83. Kg2 Nxg5 84. Qe5+ Qf6 85. Qxf6+ Kxf6 86. Kg3) 81... Qb2 $2 (81... Qd4+ $19 {is more deadly.} 82. Kf1 Kg6) 82. Qa8 $17 Qc1+ ({Better is} 82... f6 $17 83. Qb7+ Kg6) 83. Kh2 $11 Qd2+ 84. Kg3 Ne2+ {[%mdl 64] Discovered Attack} 85. Kf3 Nd4+ {[%mdl 64] Double Attack} 86. Kg4 {[#]} f5+ ({Black should play} 86... Qh2 $1 $17 {[%csl Gd4][%cal Rf7f5]} 87. Nxf7 Qe2+ 88. Kg3 Qe3+ 89. Kg2 Kxf7) 87. Kh3 Qe3+ 88. Kh2 $1 Qf4+ 89. Kh3 $1 {The position is equal.} Qg4+ 90. Kh2 Qe2+ ({Don't do} 90... Qf4+ 91. Kh3 $17) 91. Kg1 Qd1+ ({Much less strong is} 91... Qe3+ 92. Kh2 $17) 92. Kh2 Qd2+ 93. Kh3 Ne2 (93... Qe3+ 94. Kh2 $17) 94. Qb7+ Kg6 95. Qf7+ Kxg5 96. Qg7+ {Accuracy: White = 43%, Black = 30%.} 1/2-1/2

[Event "Asian Zonal-ch 3.5 Women 2019"]
[Site "Zi Bo"]
[Date "2019.09.11"]
[Round "11.11"]
[White "Xue, Yue"]
[Black "Yuan, Ye"]
[Result "0-1"]
[WhiteElo "1678"]
[BlackElo "2092"]
[Annotator "NA RC"]
[PlyCount "54"]
[EventDate "2019.09.05"]
[EventType "swiss"]
[EventCountry "CHN"]
[SourceTitle "playchess.com"]
[Source "ChessBase"]
[SourceQuality "1"]
[TimeControl "5400+30"]

1. e4 {[%emt 0:07:08]} c5 {[%emt 0:00:00]} 2. Nf3 {[%emt 0:00:08]} e6 {[%emt 0:00:00]} 3. d4 {[%emt 0:00:04]} cxd4 {[%emt 0:00:00]} 4. Nxd4 {[%emt 0:00:02]} a6 {[%emt 0:00:06]} 5. c4 {[%emt 0:00:18]} Nf6 {[%emt 0:03:03]} 6. Nc3 {[%emt 0:00:50]} Bb4 {[%emt 0:00:07]} 7. Bd3 {[%emt 0:00:04]} Qc7 {[%emt 0:03:18]} 8. Nde2 {[%emt 0:03:49] B41: Sicilian: Kan Variation: 5 c4} (8. O-O Nc6 9. Bc2 O-O 10. Kh1 Nxd4 11. Qxd4 Ng4 12. f4 Bc5 13. Qd3 d6 14. e5 f5 15. exf6 Nxf6 16. Ne4 Nxe4 17. Qxe4 {1-0 (36) Perunovic,M (2597)-Damljanovic,B (2495) Skopje 2018}) 8... O-O {[%emt 0:03:15]} 9. O-O {[%emt 0:03:56]} d6 {[%emt 0:00:53]} 10. a3 $146 {[%emt 0:05:25]} ({Predecessor:} 10. f3 Bc5+ 11. Kh1 Nc6 12. b3 Nd4 13. Bb2 e5 14. Rc1 Bd7 15. Qd2 {1-0 (35) Carey,M-Lawrence,M USA 1976}) 10... Bc5 {[%emt 0:00:15]} 11. Ng3 {[%emt 0:15:54]} Nbd7 {[%emt 0:04:52]} 12. Kh1 {[%emt 0:00:42]} Ne5 {[%emt 0:04:50]} 13. Be2 {[%emt 0:00:12]} Ba7 {[%emt 0:01:04]} 14. b3 {[%emt 0:00:59]} b5 {[%emt 0:01:06]} 15. f4 {[%emt 0:00:09]} Ned7 {[%emt 0:00:31]} 16. Bb2 {[%emt 0:02:17]} bxc4 {[%emt 0:01:22]} 17. Bxc4 {[%emt 0:00:36]} Nb6 {[%emt 0:13:35]} 18. Bd3 $1 {[%emt 0:01:54]} Bb7 {[%emt 0:08:16]} 19. Rc1 {[%emt 0:02:08]} Qe7 {[%emt 0:03:34]} 20. Qe2 {[%emt 0:03:08]} (20. e5 $16 dxe5 21. fxe5) 20... Nbd7 {[%emt 0:06:16]} ({Better is} 20... Bb8 $14) 21. b4 {[%emt 0:20:10]} Rfd8 {[%emt 0:05:31]} 22. Bb1 {[%emt 0:04:32]} ({Don't play} 22. Bxa6 Bxa6 23. Qxa6 Be3 $15) 22... Nf8 {[%emt 0:03:12]} 23. e5 {[%emt 0:07:32]} dxe5 {[%emt 0:01:12]} 24. fxe5 {[%emt 0:00:02]} Nd5 {[%emt 0:01:07]} 25. Nce4 {[%emt 0:00:52] [#]} Ng6 $1 {[%emt 0:01:23]} 26. Nd6 $2 {[%emt 0:01:14]} (26. Rf3 $1 $15 Nh4 27. Rff1) 26... Ndf4 {[%emt 0:01:05]} 27. Nde4 $2 (27. Bxg6 Nxe2 28. Bxf7+ Kh8 29. Nxe2) 27... Nd5 $11 {[%emt 0:00:29]} (27... Nxe2 $19 28. Nxe2 Nh4) 0-1

[Event "Asian Zonal-ch 3.5 Women 2019"]
[Site "Zi Bo"]
[Date "2019.09.11"]
[Round "11.12"]
[White "Bai, Xue"]
[Black "Zhao, Caidi"]
[Result "1-0"]
[WhiteElo "2093"]
[BlackElo "1540"]
[Annotator "NA RC"]
[PlyCount "77"]
[EventDate "2019.09.05"]
[EventType "swiss"]
[EventCountry "CHN"]
[SourceTitle "playchess.com"]
[Source "ChessBase"]
[SourceQuality "1"]
[TimeControl "5400+30"]

1. e4 {[%emt 0:00:00]} c5 {[%emt 0:00:00]} 2. Nf3 {[%emt 0:00:00]} d6 {[%emt 0:00:00]} 3. d4 {[%emt 0:00:00]} cxd4 {[%emt 0:00:00]} 4. Nxd4 {[%emt 0:00:00]} Nf6 {[%emt 0:00:00]} 5. Nc3 {[%emt 0:00:00]} a6 {[%emt 0:00:00]} 6. g3 {[%emt 0:00:06]} e5 {[%emt 0:00:13]} 7. Nde2 {[%emt 0:00:05]} Be7 {[%emt 0:00:21]} 8. Bg2 {[%emt 0:00:05]} Be6 {[%emt 0:00:53]} 9. O-O {[%emt 0:00:16]} O-O {[%emt 0:00:23]} 10. h3 {[%emt 0:00:20]} b5 {[%emt 0:01:29] B91: Sicilian Najdorf: 6 g3} (10... Nbd7 11. g4 Nb6 12. a4 Rc8 13. a5 Nc4 14. Nd5 Nxd5 15. exd5 Bd7 16. Qe1 b6 17. axb6 Nxb6 18. Nc3 {0-1 (42) Predke,A (2573)-Korobov,A (2691) Moscow 2017}) 11. Bg5 {[%emt 0:00:24]} Nbd7 {[%emt 0:01:06]} 12. a3 $146 {[%emt 0:00:19]} ({Predecessor:} 12. f4 b4 13. Nd5 Bxd5 14. exd5 Rc8 15. Qd2 h6 16. Bxf6 Bxf6 {0-1 (42) Bai,X (2103)-Buynitskiy,D (2095) Qinhuangdao 2019}) 12... h6 {[%emt 0:00:57]} 13. Be3 {[%emt 0:00:11]} Nb6 {[%emt 0:00:35]} 14. Bxb6 {[%emt 0:00:19]} Qxb6 {[%emt 0:00:02]} 15. Qd2 {[%emt 0:00:08]} Rac8 {[%emt 0:02:13]} 16. Kh2 {[%emt 0:00:26]} Rfd8 {[%emt 0:03:59]} 17. f4 {[%emt 0:00:41]} Bc4 {[%emt 0:01:32]} 18. Rfe1 {[%emt 0:07:07]} Bxe2 {[%emt 0:07:50]} 19. Rxe2 {[%emt 0:00:33]} Rc4 {[%emt 0:01:34]} 20. Nd1 {[%emt 0:12:03]} Bf8 {[%emt 0:05:11]} 21. c3 {[%emt 0:01:06]} Rc5 {[%emt 0:03:55]} 22. Nf2 {[%emt 0:02:21]} Re8 {[%emt 0:02:09]} 23. f5 {[%emt 0:03:24]} Qd8 {[%emt 0:04:28]} 24. Rd1 {[%emt 0:02:31]} Nd7 {[%emt 0:05:02]} 25. Nd3 {[%emt 0:03:13]} Rc8 {[%emt 0:02:39]} 26. h4 {[%emt 0:00:56]} Nc5 {[%emt 0:02:46]} ({Black should play} 26... a5 $11) 27. Nb4 {[%emt 0:00:29]} Kh7 {[%emt 0:09:46]} 28. Rf1 {[%emt 0:01:58]} f6 {[%emt 0:03:11]} 29. Nd5 {[%emt 0:00:33]} Nd7 {[%emt 0:02:37] [#]} 30. Bf3 $1 {[%emt 0:00:14]} Be7 {[%emt 0:00:57]} 31. Bh5 {[%emt 0:00:32]} Rf8 $16 {[%emt 0:01:18]} 32. Rd1 {[%emt 0:01:16]} ({Better is} 32. Qe3) 32... Rc6 {[%emt 0:02:14]} 33. Nb4 {[%emt 0:00:28]} Rb6 {[%emt 0:00:58]} 34. Bg6+ {[%emt 0:03:15]} Kh8 {[%emt 0:00:36]} 35. Nd5 {[%emt 0:00:06]} Rc6 {[%emt 0:00:33]} 36. Ne3 {[%emt 0:00:11]} Rg8 {[%emt 0:03:28]} 37. Ng4 {[%emt 0:00:09]} Qf8 {[%emt 0:00:46]} 38. Qd5 {[%emt 0:00:27]} Qc8 {[%emt 0:02:40]} 39. Qf7 {[%emt 0:17:33]} 1-0